Logical Sequences #3 - Statistics

General Stats
  • This quiz has been taken 422 times
  • The average score is 6 of 15
Answer Stats
Hints Hints Answer % Correct
Holy Spirit >>> Son >>> Father Christian trinity
89%
Alpha >>> Beta >>> Gamma First 3 letters of the Greek alphabet
79%
Franklin >>> Delano >>> Roosevelt Name of the 32nd President of the USA
70%
Hinduism >>> Islam >>> Christianity The 3 largest religions
68%
Harvard >>> Yale >>> Princeton The Big Three American colleges
51%
Hydrogen >>> Helium >>> Lithium First 3 elements on the periodic table
45%
Cyprus >>> Sardinia >>> Sicily Largest Mediterranean islands
43%
Cameron Douglas >>> Michael Douglas >>> Kirk Douglas 3 generations of actors from the same family
40%
General Motors >>> Ford >>> Chrysler Largest automakers in USA
26%
Mimi Rogers >>> Nicole Kidman >>> Katie Holmes Tom Cruise’s former wives
20%
Yuan >>> Ming >>> Qing 3 last Chinese dinasties
15%
Neville Chamberlain >>> Winston Churchill >>> Clement Attlee UK prime-ministers during WWII
11%
Low >>> Heroes >>> Lodger David Bowie’s Berlin Trilogy
2%
Fifer Pig >>> Fiddler Pig >>> Practical Pig The three little pigs
2%
Mizaru >>> Kikazaru (Mikazaru) >>> Iwazaru (Mazaru) 3 wise monkeys
1%
No matching quizzes found
Score Distribution
Percent of People with Each Score
Percentile by Number Answered
Your Score History
You have not taken this quiz